Fiscal Interest of the State and Respecting the Rights and Legitimate Interests of the Taxable Entities in Case of Refund of Excess Remission of Value Added Tax

Daňové orgány v daňovom konaní prednostne chránia nielen daňové záujmy štátu, ale zároveň sú povinné zachovať práva a legitímne záujmy zdaniteľných subjektov, analyzovať súčasnú legislatívu daňového auditu z hľadiska prípustnej zákonnej dĺžky jej trvania a jej vplyvu na proces vrátenia nadmerného od...

Descripción completa

Guardado en:
Detalles Bibliográficos
Autor principal: Kmeťová, Oľga, 1959-
Otros Autores: Freňáková, Magdaléna, 1981-, Pachta, Miloš
Formato: Capítulo de libro
Lenguaje:inglés
Materias:
Etiquetas: Agregar Etiqueta
Sin Etiquetas, Sea el primero en etiquetar este registro!

MARC

LEADER 00000naa a2200000 4500
001 0237861
005 20240502083636.5
041 0 |a eng 
044 |a UA 
245 1 0 |a Fiscal Interest of the State and Respecting the Rights and Legitimate Interests of the Taxable Entities in Case of Refund of Excess Remission of Value Added Tax  |c Oľga Kmeťová, Magdaléna Freňáková, Miloš Pachta 
520 |a Daňové orgány v daňovom konaní prednostne chránia nielen daňové záujmy štátu, ale zároveň sú povinné zachovať práva a legitímne záujmy zdaniteľných subjektov, analyzovať súčasnú legislatívu daňového auditu z hľadiska prípustnej zákonnej dĺžky jej trvania a jej vplyvu na proces vrátenia nadmerného odpustenia DPH zdaniteľným osobám. 
610 2 0 |a audit 
610 2 0 |a dane z hodnoty pridanej 
610 2 0 |a správa daňová 
610 2 0 |a zdaňovanie 
100 1 |a Kmeťová, Oľga, 1959- 
700 1 |a Freňáková, Magdaléna, 1981- 
700 1 |a Pachta, Miloš